Amazing whales! / (Record no. 2007)

MARC details
000 -LEADER
fixed length control field 01143pam a22003254a 4500
001 - CONTROL NUMBER
control field 2007
003 - CONTROL NUMBER IDENTIFIER
control field FISKH
005 - DATE AND TIME OF LATEST TRANSACTION
control field 20240704134737.0
008 - FIXED-LENGTH DATA ELEMENTS--GENERAL INFORMATION
fixed length control field 040204s2005 nyua j 000 0 eng
010 ## - LIBRARY OF CONGRESS CONTROL NUMBER
LC control number 2004002473
020 ## - INTERNATIONAL STANDARD BOOK NUMBER
International Standard Book Number 0439866669
020 ## - INTERNATIONAL STANDARD BOOK NUMBER
International Standard Book Number 9780439866668
035 ## - SYSTEM CONTROL NUMBER
System control number (OCoLC)ocm54392601
040 ## - CATALOGING SOURCE
Original cataloging agency DLC
Transcribing agency DLC
Modifying agency IG#
-- XY4
-- OCO
-- DLC
Language of cataloging eng
050 00 - LIBRARY OF CONGRESS CALL NUMBER
Classification number QL737.C4
Item number T45 2005
082 00 - DEWEY DECIMAL CLASSIFICATION NUMBER
Classification number 599.5
Edition number 22
100 1# - MAIN ENTRY--PERSONAL NAME
Personal name Thomson, Sarah L.
245 10 - TITLE STATEMENT
Title Amazing whales! /
Statement of responsibility, etc. written by Sarah L. Thomson ; photographs provided by the Wildlife Conservation Society.
250 ## - EDITION STATEMENT
Edition statement First Scholastic printing, April 2006
260 ## - PUBLICATION, DISTRIBUTION, ETC.
Place of publication, distribution, etc. New York :
Name of publisher, distributor, etc. Scholastic,
Date of publication, distribution, etc. 2005
300 ## - PHYSICAL DESCRIPTION
Extent 32 unnumbered pages :
Other physical details color illustrations ;
Dimensions 22 cm
440 #3 - SERIES STATEMENT/ADDED ENTRY--TITLE
Title An I can read book
505 ## - FORMATTED CONTENTS NOTE
Formatted contents note M<br/>
520 ## - SUMMARY, ETC.
Summary, etc. Provides information about whales, describing their size, how they breathe, how they catch their food, their behaviors, and efforts to protect them.
521 8# - TARGET AUDIENCE NOTE
Target audience note 550<br/>
Source Lexile <br/>
521 8# - TARGET AUDIENCE NOTE
Target audience note M<br/>
Source Raz-Plus<br/>
650 #0 - SUBJECT ADDED ENTRY--TOPICAL TERM
Topical term or geographic name entry element Whales
Form subdivision Juvenile literature.
906 ## - LOCAL DATA ELEMENT F, LDF (RLIN)
a 7
b cbc
c orignew
d 1
e ecip
f 20
g y-gencatlg
942 ## - ADDED ENTRY ELEMENTS (KOHA)
Source of classification or shelving scheme Dewey Decimal Classification
Koha item type Books
Suppress in OPAC No
Holdings
Withdrawn status Lost status Source of classification or shelving scheme Damaged status Not for loan Collection Home library Current library Shelving location Date acquired Total Checkouts Full call number Barcode Date last seen Copy number Price effective from Koha item type Date last checked out
    Dewey Decimal Classification     Non-Fiction Footprints International School Library Network Toul Kork Campus Footprints International School Library Network Toul Kork Campus TK Primary Library Room(4th Floor), Bookcase 3&4, Shelves 17-32, Yellow Books 10/27/2023   THO 599.5 QL737.C4 FISTK04162 10/27/2023 1 10/27/2023 Books  
    Dewey Decimal Classification     Non-Fiction Footprints International School Library Network Toul Kork Campus Footprints International School Library Network Toul Kork Campus TK Primary Library Room(4th Floor), Bookcase 3&4, Shelves 17-32, Yellow Books 11/22/2023 1 THO 599.5 QL737.C4 2023-0757 12/03/2024 2 11/22/2023 Books 08/23/2024
    Dewey Decimal Classification     Non-Fiction Footprints International School Library Network Toul Kork Campus Footprints International School Library Network Toul Kork Campus TK Primary Library Room(4th Floor), Bookcase 3&4, Shelves 17-32, Yellow Books 01/24/2024   THO 599.5 QL737.C4 FISTK04160 01/24/2024 3 01/24/2024 Books  
    Dewey Decimal Classification     Non-Fiction Footprints International School Library Network Toul Kork Campus Footprints International School Library Network Toul Kork Campus TK Primary Library Room(4th Floor), Bookcase 3&4, Shelves 17-32, Yellow Books 04/11/2024   THO 599.5 QL737.C4 FISBK02318 04/11/2024 4 04/11/2024 Books  
    Dewey Decimal Classification     Non-Fiction Footprints International School Library Network Toul Kork Campus Footprints International School Library Network Toul Kork Campus TK Primary Library Room(4th Floor), Bookcase 3&4, Shelves 17-32, Yellow Books 07/04/2024   THO 599.5 QL737.C4 FISTK04159 07/04/2024 5 07/04/2024 Books  
    Dewey Decimal Classification     Non-Fiction Footprints International School Library Network Toul Tom Poung Campus Footprints International School Library Network Toul Tom Poung Campus TTP Primary Yellow Bookshelves 07/04/2024   THO 599.5 QL737.C4 2025-1646 06/16/2025 6 07/04/2024 Books